000 00355nam a2200145Ia 4500
005 20251222154333.0
008 251222s9999||||xx |||||||||||||| ||spa||
020 _a9788483469071
082 _a362.196.994/E87
100 _aEspinosa, Albert
245 0 _aEl Mundo Amarillo
250 _a4a. ed.
264 _bRandom House Mondadori, S.A.
942 _cLIB
999 _c34216
_d34216